000 00341nam a2200145Ia 4500
008 191201s2007 xx 000 0 und d
082 _a005.133
_bSCJ
100 _aSCHILDT, Herbert
245 0 _aJAVA 2 The Complete Reference
250 _a5th
260 _aN.Delhi
_bTMH
_c2007
300 _a1154
650 _aB.Tech(IT)
942 _2ddc
_cBK
999 _c3063
_d3063